| 000 | 00587nam a2200217Ia 4500 | ||
|---|---|---|---|
| 003 | OSt | ||
| 005 | 20250828111503.0 | ||
| 008 | 241004s9999 xx 000 0 und d | ||
| 020 | _a9781138590885 | ||
| 037 | _aTextbook | ||
| 040 |
_aARTS _beng _cARTS |
||
| 041 |
_aeng _2eng |
||
| 084 |
_aSN1:(X:8) R0 _qARTS |
||
| 100 |
_aCole Mark Au. _9724670 |
||
| 245 |
_aRadical organisation devleopment _cCole Mark Au. |
||
| 260 |
_aUK _bLondon Routledge _c2020 |
||
| 300 | _avii,223p. | ||
| 365 |
_aUKP _b45 |
||
| 942 |
_cTB _hSN1:(X:8) R0 _2CC _n0 |
||
| 999 |
_c1218820 _d1218820 |
||